| 000 | 01575nac a22002531u 4500 | ||
|---|---|---|---|
| 008 | 100721s1970 ua|||||r|||| 001 0 ara d | ||
| 082 |
_a249.243 _bح س ن _222 |
||
| 100 |
_aالحسني، السيد عبد الرزاق _916615 |
||
| 245 |
_aالصابئون : _bفي حاضرهم وماضيهم / _cالسيد عبد الرزاق الحسني |
||
| 250 |
_aط ، 4 _bمصححةوموسعة |
||
| 260 |
_aصيدا : _b ،مطبعة العرفان _c1970. |
||
| 300 |
_a152 ص؛ _c24 سم |
||
| 500 | _aيحتوي على كشاف | ||
| 511 | _aCatalogued by: Sara | ||
| 520 | _aتبحث هذة الرسالة في "الصائبة قديما وحديثا" و تتكلم عن معتقداتهم الروحية،وفرقهم الدينية، وكتبهم المقدسة، وعلي "يحيي بن زكريا" الذي ينتمون إليه، وتضم بين دفتيها أدق المعلومات وأصدقها عن طقوسهم الدينية، وعادتهم الأجتماعية ، وأعيادهم القومية، وعدد نفوسهم ومساكنهم، وصناعاتهم، والمحرمات عندهم. | ||
| 541 |
_aألف باء؛ _cشراء؛ |
||
| 650 |
_aالصابئة _916622 |
||
| 650 |
_aالإلحاد والملحدون _916741 |
||
| 650 |
_aالردة _916742 |
||
| 650 |
_aالكفر _916743 |
||
| 650 |
_aالمرتدون _916744 |
||
| 942 |
_cBB _k249.243 ح س ن _2ddc |
||
| 999 |
_c7242 _d7242 |
||